Elenca la formazione - Quiz n°129 - Statistics

Statistiche generali
  • Questo quiz è stato fatto 45 volte
  • Il punteggio medio è 9 su 11
Statistiche sulle risposte
Ruolo Nazione Calciatore % Corretto
Attaccante Belgio Kevin De Bruyne
93%
Centrocampista Algeria Riyad Mahrez
93%
Difensore Portogallo Rúben Dias
93%
Centrocampista Germania İlkay Gündoğan
88%
Difensore Inghilterra Kyle Walker
88%
Difensore Portogallo João Cancelo
86%
Attaccante Inghilterra Phil Foden
86%
Attaccante Inghilterra Raheem Sterling
86%
Centrocampista Brasile Fernandinho
84%
Difensore Francia Aymeric Laporte
67%
Portiere Stati Uniti Zack Steffen
37%
Nessun quiz corrispondente trovato
Distribuzione punteggi
Percentuale di utenti per punteggio
Percentile per numero di risposta
I tuoi punteggi nel tempo
Non hai fatto questo quiz